Lana Del Rey - Norman F*cking Rockwell - Statistics

General Stats
  • This quiz has been taken 525 times
  • The average score is 183 of 206
Answer Stats
Answer % Correct
a
99%
I
99%
"I
99%
me
99%
You
99%
you"
99%
you
99%
you?
99%
You?
99%
man
98%
Your
98%
your
98%
do
97%
just
97%
love
97%
what
97%
it
96%
You're
96%
you’re
96%
you're
96%
and
95%
It's
95%
said
95%
so
95%
almost
94%
blue
94%
Blue
94%
good
94%
in
94%
that
94%
child
93%
fucked
93%
the
93%
But
92%
hands
92%
head
92%
Goddamn
90%
through
90%
All
87%
all
87%
'Cause
87%
don't
87%
As
86%
poet
86%
know
85%
bad
84%
color
84%
news
83%
put
83%
can’t
82%
can't
82%
like
82%
blame
81%
even
80%
of
80%
six
80%
wild
80%
act
79%
change
79%
foot
79%
poetry's
79%
shit
79%
two
79%
kid
77%
though
77%
half
76%
mood
76%
when
75%
fun
74%
have
71%
see
71%
stand
70%
to
70%
Yeah
69%
get
68%
oh
68%
Why
66%
bored
65%
for
65%
Self
65%
could
63%
party
63%
talk
63%
best
62%
gets
61%
wait
61%
make
59%
walls
57%
loathing
52%
resident
48%
Canyon
35%
Laurel
34%
No matching quizzes found
Score Distribution
Percent of People with Each Score
Percentile by Number Answered
Your Score History
You have not taken this quiz